Riconosci la città dal monumento parte 1 - Statistics

Statistiche generali
  • Questo quiz è stato fatto 194 volte
  • Il punteggio medio è 14 su 20
Statistiche sulle risposte
MONUMENTO CITTA' % Corretto
Louvre Parigi
99%
Altare della Patria Roma
99%
Uffizi Firenze
98%
Big Ben Londra
97%
Partenone Atene
95%
Sagrada Familia Barcellona
93%
Museo del Prado Madrid
82%
Ponte di Rialto Venezia
81%
Golden Gate Bridge San Francisco
75%
Valle dei Templi Agrigento
70%
Cattedrale di San Basilio Mosca
70%
Pergamonmuseum Berlino
64%
Città Proibita Pechino
62%
Opera House Sydney
62%
Hofburg e Palazzo di Schonbrunn Vienna
58%
Moschea blu Istanbul
56%
Ermitage San Pietroburgo
55%
Atonium Bruxelles
44%
Gran Moschea dello sceicco Zayed Abu Dhabi
37%
Taj Mahal Agra
35%
Nessun quiz corrispondente trovato
Distribuzione punteggi
Percentuale di utenti per punteggio
Percentile per numero di risposta
I tuoi punteggi nel tempo
Non hai fatto questo quiz